000 01072cam a22003258a 4500
001 14973354
003 OSt
005 20170427202615.0
008 070817s2008 stk 001 0 eng
010 _a 2007034366
020 _a9780443069321
035 _a(DNLM)101314455
040 _aDNLM/DLC
_cDLC
_dDLC
042 _apcc
050 0 0 _aRB112.5
_b.C554 2008
060 1 0 _aQU 4
_bC6405 2008
082 0 0 _aQU 4 C611a 2008
_222
100 _aGaw, Allan, [et...al]
_912121
245 0 0 _aClinical Biochemistry : an illustrated colour text
250 _a4th ed.
260 _aEdinburgh ;
_bChurchill Livingstone,
_c2008.
263 _a0806
300 _avii,179p; col.ill: 30cm
_ccm.
500 _aIncludes index.
505 0 _aIntroducing clinical biochemistry -- Core biochemistry -- Endocrinology -- Specialized investigations -- Case history comments.
650 0 _aBiochemistry.
_91716
856 4 1 _3Table of contents only
_uhttp://www.loc.gov/catdir/toc/ecip0725/2007034366.html
906 _a7
_brix
_corignew
_d1
_eecip
_f20
_gy-gencatlg
942 _2z
_cSLOAN
999 _c651
_d651